| 000 | 01112nac a22002897a 4500 | ||
|---|---|---|---|
| 001 | BR5400120 | ||
| 003 | BR-BrBNA | ||
| 005 | 20240105112907.0 | ||
| 008 | 230509b bl.|||m| |||| 00| 0 por d | ||
| 040 |
_aBR-BrBNA _bpor _cBiblioteca Nacional de Agricultura |
||
| 072 | _aE15; C00 | ||
| 090 | _aE15 BR5400120 | ||
| 110 | 1 |
_aSecretaria de Estado dos Negocios da Agricultura de Sao Paulo, Sao Paulo (Brasil). Depto. de Assistencia ao Cooperativismo _98939 |
|
| 111 | 1 |
_a10. Conferencia Interamericana _cCaracas (Venezuela) _dMar 1954 |
|
| 245 | 1 | _aCooperativismo na America - 1. [Educacao; Desenvolvimento cooperativista] | |
| 260 | 3 |
_aSao Paulo, SP (Brasil): _cDec 1954. |
|
| 300 | _a15 p. | ||
| 490 |
_aPublicacao - Secretaria de Estado dos Negocios da Agricultura de Sao Paulo. Depto. de Assistencia ao Cooperativismo (Brazil) _vno. 224 _x |
||
| 650 | _aMicroeconomia | ||
| 650 | _aEducacao | ||
| 650 | _aCooperativa escolar | ||
| 650 | _aCooperativa | ||
| 650 | _aDesenvolvimento cooperativista | ||
| 650 | _aAmerica | ||
| 909 |
_a202312 _bLúcia Elande _c55 _dLúcia Elande |
||
| 942 |
_2AGRIS _n0 _cMS |
||
| 999 |
_c260813 _d260813 |
||